झुंबर (Record no. 335852)

MARC details
000 -LEADER
fixed length control field 00532nam a2200169Ia 4500
008 - FIXED-LENGTH DATA ELEMENTS--GENERAL INFORMATION
fixed length control field 090711s9999 xx 000 0 und d
082 ## - DEWEY DECIMAL CLASSIFICATION NUMBER
Item number 872
100 ## - MAIN ENTRY--PERSONAL NAME
Personal name भावे पुरुषोत्तम भा.
245 ## - TITLE STATEMENT
Title झुंबर
260 ## - PUBLICATION, DISTRIBUTION, ETC. (IMPRINT)
Name of publisher, distributor, etc वसंत बुक स्टॉल
Date of publication, distribution, etc 1999
300 ## - PHYSICAL DESCRIPTION
Extent 176
600 ## - SUBJECT ADDED ENTRY--PERSONAL NAME
Personal name भावे पुरुषोत्तम भा.
630 ## - SUBJECT ADDED ENTRY--UNIFORM TITLE
Uniform title झुंबर
700 ## - ADDED ENTRY--PERSONAL NAME
Personal name भावे पुरुषोत्तम भा.
730 ## - ADDED ENTRY--UNIFORM TITLE
Uniform title झुंबर
942 ## - ADDED ENTRY ELEMENTS (KOHA)
Koha item type Book

No items available.